000 00418nam a2200169 i 4500
001 bg
100 1 _aDobrowolski, Janusz Andrzej
_d(1942- ).
245 0 _aMikrofale /
_cJanusz A. Dobrowolski.
260 _aWarszawa,
_c1991.
650 9 _aMikrofale
655 _aPodręczniki akademickie
040 _cBPK
041 _apol
080 _a621.396(075.8)
942 _cKS
008 s pl f |000 0 pol
999 _c4484
_d4484
856 _uhttp://koha.tu.koszalin.pl/cgi-bin/koha/opac-detail.pl?biblionumber=4484
_yKatalog online BPK